Inauguračná prednáška: výsledok hospodárenia v účtovníctve podnikateľov Slovenskej republiky a v medzinárodných účtovných štandardoch

Prednáška reaguje na uvedené trendy podnikateľského prostredia a snahy Slovenskej republiky o rovnocenné členstvo v Európskej únii v oblasti harmonizácie účtovnej legislatívy. Je zameraná na výsledok hospodárenia -zisk/strata, ktorý predstavuje základný informačný zdroj a meradlo finančnej výkonnost...

Descripción completa

Guardado en:
Detalles Bibliográficos
Autor principal: Baštincová, Anna
Formato: Capítulo de libro
Lenguaje:eslovaco
Materias:
Etiquetas: Agregar Etiqueta
Sin Etiquetas, Sea el primero en etiquetar este registro!

MARC

LEADER 00000naa$a2200000$$$4500
001 0019897
005 20240502071410.4
041 0 |a slo 
044 |a SK 
245 1 0 |a Inauguračná prednáška: výsledok hospodárenia v účtovníctve podnikateľov Slovenskej republiky a v medzinárodných účtovných štandardoch  |c Anna Baštincová 
520 |a Prednáška reaguje na uvedené trendy podnikateľského prostredia a snahy Slovenskej republiky o rovnocenné členstvo v Európskej únii v oblasti harmonizácie účtovnej legislatívy. Je zameraná na výsledok hospodárenia -zisk/strata, ktorý predstavuje základný informačný zdroj a meradlo finančnej výkonnosti vloženého kapitálu podniku. 
610 2 0 |a Európska únia 
610 2 0 |a prednášky 
610 2 0 |a práce kvalifikačné 
610 2 0 |a školy vysoké 
610 2 0 |a účtovníctvo 
610 2 0 |a aproximácia práva 
610 2 0 |a Slovensko 
610 2 0 |a hospodárenie finančné 
610 2 0 |a hospodárenie podnikové 
100 1 |a Baštincová, Anna